| 000 | 00677nam a2200217 a 4500 | ||
|---|---|---|---|
| 005 | 20240228064235.0 | ||
| 008 | 160502s2004 mx r 000 0 spa d | ||
| 020 | _a9789681905187 | ||
| 035 | _aUPN01000210016 | ||
| 049 | _aI | ||
| 050 | 4 |
_aPZ71 _bP4.33 |
|
| 100 | 1 |
_aPescetti, Luis María, _d1958- _930469 |
|
| 245 | 1 | 0 |
_aCaperucita roja : _btal como se la contaron a Jorge / _cLuis María Pescetti ; il. de O'Kif. |
| 260 |
_aMéxico : _bAlfaguara, _c2004. |
||
| 300 |
_a30 p. : _bil. col. |
||
| 440 | 0 | _aAlfaguara infantil | |
| 650 | 4 |
_aCuentos infantiles _96744 |
|
| 650 | 4 |
_aLibros y lectura para niños _92290 |
|
| 905 | _aLibro | ||
| 999 |
_c182117 _d182117 |
||